000 00531nam a2200181 i 4500
001 146983
003 ES-MaACL
005 20230906201745.0
007 t|
008 070920s1964 sp ||||1| spa d
080 _a32(675)
100 1 _aTshombe, Moïse.
_9111606
245 1 0 _aHay que salvar al Congo /
_cpor Moïse Tshombe.
260 _a[Madrid :
_bParaninfo],
_c1964.
300 _a22 p. ;
_c21 cm.
651 _aCongo (República Democrática)-
_xHistoria-
_y1960-1965, Guerra civil.
_98079
852 _aES-MaACL
_j2038-F-2
999 _c146983
_d146983